Responses for Show #8641 - Monday, May 16, 2022

Ryan Long game 2.

Contestants

[<< previous game]

Divya Badri, a software developer from Coal Valley, Illinois

Nick Dee, a photographer from Los Angeles, California

Ryan Long, a rideshare driver from Philadelphia, Pennsylvania (whose 1-day cash winnings total $18,800)

[next game >>]

Jeopardy! Round responses

FACE THE MUSIC
A HORSE WITH A NAME
HOW INVENTIVE!
THAT'S OUR ISLAND
(Mayim: You'll name that country that each one belongs to.)
IT'S GETTING WINDY
TFW...
(Mayim: THAT FEELING WHEN.)
    $200 1
Pete Davidson

Nick
    $200 30
Pegasus

Nick
    $200 16
reaper

Divya
    $200 6
Greece

Nick
    $200 25
a hurricane

Divya
    $200 11
patient

Triple Stumper
    $400 3
"I Will Always Love You"

Ryan
    $400 29
Jessica Springsteen

Triple Stumper
    $400 17
(Ryan: Who is Thomas Morse?)

Samuel Morse

RyanNick
    $400 7
South Africa

Triple Stumper
    $400 22
(Ryan: What is wind back?)
(Divya: What is groove back?)

second wind

RyanNickDivya
    $400 12
lucky

Ryan
    $600 4
"Sweet Child O' Mine"

Ryan
    $600 28
(the Battle of) Little Bighorn

Ryan
    $600 14
Les Paul

Nick
    $600 8
Spain

Ryan
    $600 21
(Mayim: Yes, [*] [**] from Kansas.)

Dorothy (Gale)

Ryan
    $600 9
worthy

Ryan
    $800 2
Andy Kaufman

Divya
    $800 27
Seabiscuit

Ryan
    $800 15
dialysis

Divya
    $800 19
(Mayim: Known as Easter Island, it actually belongs to [*].)

Chile

Triple Stumper
    $800 23
a turbine

Ryan
    $800 10
calm & cool

Divya
    $1000 5
"The Girl From Ipanema"

Nick
    $1000 26
(Divya: Who is Seabiscuit?)

Joey

Divya
Triple Stumper
    $1000 18
a filament

Nick
    $1000 20
(Divya: What is Italy?)

the Netherlands

RyanDivya
    $1000 24
Tupelo

Ryan
    $2,000 13
grounded

Ryan

Scores at the first commercial break (after clue 15):

Ryan Nick Divya
$4,600 $2,000 $2,400

Scores at the end of the Jeopardy! Round:

Ryan Nick Divya
$8,600 $4,000 $400

Double Jeopardy! Round responses

SWEDISH HISTORY
THAT BOOK PLAGUES ME
SKELETON CREW
CLOSE TO THE VEST
(Mayim: All responses are just before or after "vest" in the dictionary.)
LET'S GAMBLE
I'VE GOT A BIG BANK ROLE
    $400 6
(Nick: What is Copenhagen?)

Stockholm

NickDivya
    $400 1
Albert Camus

Triple Stumper
    $400 8
the ear

Ryan
    $400 28
(Mayim: Yes, as in [*] of Foreign Wars of the U.S.)

the veterans

Nick
    $400 22
(Ryan: What is Monte?)

poker

Ryan
Triple Stumper
    $400 12
Free Guy

Nick
    $800 7
baptism

Nick
    $800 2
The Decameron

Ryan
    $800 13
vertebrae

Divya
    $800 30
a vessel

Nick
    $800 23
a trifecta

Ryan
    $800 14
Peter Capaldi

Divya
    $2,000 9
(Ryan: Uh, what is knight them?)

invade Russia

Ryan
    $1200 3
The Andromeda Strain

Ryan
    $1200 19
the ulna & the radius

Nick
    $1200 18
vestments

Nick
    $1200 29
0 & 00

Triple Stumper
    $1200 15
Gringotts

Ryan
    $1600 10
Descartes

Ryan
    $1600 4
Herbert

Nick
    $3,000 20
(Nick: [Sighs] Um... what is the pelvis? Pelvic bone?)
...
(Nick: Oh! Yeah.)

the femur

Nick
    $1600 24
veuve

Nick
    $1600 27
DraftKings

Divya
    $1600 16
Paul Giamatti

Triple Stumper
    $2000 11
the Academy

Triple Stumper
    $2000 5
Station Eleven

Nick
    $2000 21
the cheekbone

Nick
    $2000 25
(Mayim: Yes, less than a minute.)

a vestibule

Nick
    $2000 26
a parlay

Ryan
    $2000 17
The Big Short

Ryan

Scores at the end of the Double Jeopardy! Round:

Ryan Nick Divya
$16,200 $14,600 $4,000

[wagering suggestions for these scores]

Final Jeopardy! Round responses

THE NATIONAL PARK SERVICE
(Mayim: [To Nick] Also known as [**].)
DivyaWhat is?
$700
NickWhat is the St. Louis Arch?
$6,599
RyanWhat is the St. Louis Arch?
$8,000
the St. Louis Arch (the Gateway Arch)

Final scores:

Ryan Nick Divya
$24,200 $21,199 $3,300
2-day champion: $43,000 2nd place: $2,000 3rd place: $1,000

Game dynamics:

Coryat scores:

Ryan Nick Divya
$17,200 $17,600 $4,000
20 R
(including 1 DD),
4 W
(including 1 DD)
19 R,
2 W
(including 1 DD)
9 R,
3 W

Combined Coryat: $38,800

[game clues] [game scores] [suggest correction]

Game tape date: 2022-03-01
The J! Archive is created by fans, for fans. Scraping, republication, monetization, and malicious use prohibited; this site may use cookies and collect identifying information. See terms. The Jeopardy! game show and all elements thereof, including but not limited to copyright and trademark thereto, are the property of Jeopardy Productions, Inc. and are protected under law. This website is not affiliated with, sponsored by, or operated by Jeopardy Productions, Inc. Join the discussion at JBoard.tv.